Educación de anticipación
Guardat en:
| Autor principal: | |
|---|---|
| Format: | Llibre |
| Idioma: | espanyol |
| Publicat: |
Santiago
Pontificia Universidad Católica de Chile
1989
|
| Matèries: | |
| Etiquetes: |
Afegir etiqueta
Sense etiquetes, Sigues el primer a etiquetar aquest registre!
|
MARC
| LEADER | 00000nam a2200000 a 4500 | ||
|---|---|---|---|
| 001 | UCY0950 | ||
| 003 | CL-VaPUC | ||
| 008 | 940818e19890000CL |||||||||||||||||spa|d | ||
| 082 | 0 | 4 | |a 371.4 |b CAS |2 21 |
| 100 | 0 | |a Castillo Inzulza, Gabriel |e author |9 328816 | |
| 245 | 1 | 0 | |a Educación de anticipación |
| 300 | |a 40 p | ||
| 942 | |c BK | ||
| 945 | |d 19940818 00:00:00 |a rbrito | ||
| 260 | |a Santiago |b Pontificia Universidad Católica de Chile |c 1989 | ||
| 650 | 0 | |a Vocación |9 328817 | |
| 650 | 0 | |a Objetivos educativos |9 306344 | |
| 583 | |a last modification |c 20120313 10:55:47 |k Rodrigo Vera | ||
| 999 | |c 229815 |d 229813 | ||
| 952 | |0 0 |1 0 |4 0 |6 371_400000000000000_CAS_1989 |7 0 |8 A |9 231486 |a BIBEDU |b BIBEDU |d 2019-11-15 |i 3004481 |o 371.4 CAS 1989 |p 3004481 |r 2019-11-15 |w 2019-11-15 |y BK |k EDU | ||
| 952 | |0 0 |1 0 |4 0 |6 371_400000000000000_CAS_1989 |7 0 |8 A |9 231487 |a BIBEDU |b BIBEDU |d 2019-11-15 |i 3527727 |o 371.4 CAS 1989 |p 3527727 |r 2019-11-15 |w 2019-11-15 |y BK |k EPE | ||